A classical introduction to cryptography (Record no. 74)

MARC details
000 -LEADER
fixed length control field 00601 a2200169 4500
001 - CONTROL NUMBER
control field 002335
003 - CONTROL NUMBER IDENTIFIER
control field OSt
005 - DATE AND TIME OF LATEST TRANSACTION
control field 20220113164819.0
008 - FIXED-LENGTH DATA ELEMENTS--GENERAL INFORMATION
fixed length control field
082 ## - DEWEY DECIMAL CLASSIFICATION NUMBER
Classification number 005.8
Item number V46C
100 1# - MAIN ENTRY--PERSONAL NAME
Personal name Vaudenay, Serge
245 1# - TITLE STATEMENT
Title A classical introduction to cryptography
Statement of responsibility, etc by Serge Vaudenay
260 ## - PUBLICATION, DISTRIBUTION, ETC. (IMPRINT)
Place of publication, distribution, etc New York
Name of publisher, distributor, etc Springer
Date of publication, distribution, etc 2009
300 ## - PHYSICAL DESCRIPTION
Extent 335p.
653 ## - INDEX TERM--UNCONTROLLED
Uncontrolled term Computer security; Cryptography; Coding theory; Computer network architectures; Data encryption (Computer science); Data structures (Computer science); Data transmission systems; Computer science
942 ## - ADDED ENTRY ELEMENTS (KOHA)
Source of classification or shelving scheme Dewey Decimal Classification
Koha item type Books
Holdings
Withdrawn status Lost status Source of classification or shelving scheme Damaged status Not for loan Collection code Home library Current library Date acquired Source of acquisition Cost, normal purchase price Full call number Barcode Date last seen Price effective from Koha item type
    Dewey Decimal Classification     General Text Book Central University Of Rajasthan Central University Of Rajasthan 28/09/2010 MTH 345.00 005.8 V46C 2327 21/11/2024 02/09/2020 Books